000 00490nam a2200181Ia 4500
005 20250508150537.0
008 008 250505s9999 xx 000 0 eng d
037 _aTextual
040 _aFEDL
_beng
_cFEDL
041 _aeng
_2eng
084 _a201, HUX
_qFEDL
100 _aHuxley Aldous
245 0 _aPerennial philosophy
260 _aNew York, USA
_bHarper and Brothers Publishers
_c1945
300 _axi,312p.
942 _cTEXL
_h201, HUX
999 _c1324171
_d1324171